Anar al contingut

Обеспечение законности при реализации административно-деликтных производств в пенитенциарной системе Российской Федерации (теоретико-прикладное исследование) Монография

В монографии рассматривается современное состояние обеспечения законности при реализации административно-деликтных производств в пенитенциарной (уголовно-исполнительной) системе Российской Федерации анализируются перспективные способы обеспечения законности при реализации заявленных производств иссл...

Descripció completa

Guardat en:
Dades bibliogràfiques
Autor principal: Поникарова Т.В
Format: Монография
Accés en línia:https://znanium.com/catalog/document?id=286858
https://znanium.com/cover/0774/774768.jpg
Etiquetes: Afegir etiqueta
Sense etiquetes, Sigues el primer a etiquetar aquest registre!
LEADER 02959nam0a2200277 i 4500
001 RU\infra-m\znanium\bibl\774768
003 https://znanium.com/catalog/document?id=286858
005 20200131000000.0
010 |a 978-5-7743-0595-7 
100 |a 20200131d2016 m y0rusy0150 ca 
101 0 |a rus 
102 |a RU 
200 1 |a Обеспечение законности при реализации административно-деликтных производств в пенитенциарной системе Российской Федерации (теоретико-прикладное исследование)  |e Монография  |f Академия права и управления Федеральной службы исполнения наказаний 
210 1 |a Рязань  |c Академия ФСИН России  |d 2013 
215 |a 143 с. 
330 |a В монографии рассматривается современное состояние обеспечения законности при реализации административно-деликтных производств в пенитенциарной (уголовно-исполнительной) системе Российской Федерации анализируются перспективные способы обеспечения законности при реализации заявленных производств исследуется практика а также зарубежная концепция обеспечения законности при осуществлении данных производств. Монография предназначена для научных и практических работников курсантов слушателей адъюнктов и преподавателей образовательных научно-исследовательских учреждений уголовно-исполнительной системы Российской Федерации. 
333 |a ВО - Магистратура 
606 |a Право. Юридические науки  |x Административное право. Муниципальное право.  |2 local 
608 |a Монография  |2 local 
675 |a 342  |z rus 
686 |a 67401  |2 rubbk 
686 |a 40.00.00  |2 okso 
700 1 |a Поникарова  |b Т.В.  |g Татьяна Владимировна  |p Академия права и управления Федеральной службы исполнения наказаний 
801 0 |a RU  |b Общество с ограниченной ответственностью «ЗНАНИУМ»  |c 20161117  |2 rusmarc 
856 4 |a znanium.com  |m ebs_support@infra-m.ru  |n НИЦ ИНФРА-М  |u https://znanium.com/catalog/document?id=286858 
856 4 1 |a znanium.com  |d /cover/0774  |f 774768.jpg  |q image/jpeg  |u https://znanium.com/cover/0774/774768.jpg